000 00290nam a22001097a 4500
999 _c66717
_d66714
082 _aR/4CE16
100 _aMazharuddin
_a16CE59
245 _aEffect of Using FLY ASH on Fresh and Strength Properties of Self Compacting
260 _aNawabshah
_bQUEST
_c2019
300 _a37
942 _cTHESIS